00522nam a2200181Ia 4500001001000000003000500010008004100015010001100056040000900067082001700076100002000093245008500113260004100198300001100239503001500250650003100265650004400296Para_1855CHAP220125s1993 xx 000 0 und d a200502 cCHAP aPA 632.32 S5 aSigee, David C. aBacterial plant pathologhy :b cell and molecular aspects /c by David C. Sigee aUSA. :b Cambridge University Press a325 p. aC/e (ej.1) aBacterias fitopatógenas  aPlantas x enférmedades por bacteria